Policz jak najwyżej w 15 sekund - Statystyki

Ogólne statystyki
  • Ten quiz został rozwiązany 305 razy
    287 od ostatniego zresetowania
  • Średni wynik to 26 z 50
Statystyki odpowiedzi
Liczba % Poprawnych
1
100%
2
100%
3
100%
4
100%
5
100%
6
100%
7
100%
8
100%
9
94%
11
88%
12
81%
13
81%
14
81%
15
81%
16
81%
17
81%
18
81%
19
81%
10
75%
21
75%
20
69%
22
63%
23
63%
24
63%
25
56%
27
56%
28
56%
26
50%
29
50%
30
44%
31
44%
32
44%
33
25%
43
19%
34
13%
35
13%
37
13%
36
6%
38
6%
39
6%
40
6%
41
6%
42
6%
50
6%
44
0%
45
0%
46
0%
47
0%
48
0%
49
0%
Nie znaleziono quizów pasujących do podanych kryteriów
Rozkład punktacji
Procent ludzi z każdym wynikiem
Percentyl według liczby udzielonych odpowiedzi
Twoja historia wyników
Nie rozwiązałeś tego quizu od ostatniego zresetowania